00565nam a22001697a 450000500170000001000150001702000270003203500140005903700130007308200110008610000240009724500500012126000310017127001200020230000230032250000500034520190709161200.0 aENG-125868 a9789386761255c1495.00 aEN-109400 bDBAD/PUB a158.05 aDubey, Sujeet Kumar aApplied psychology /cby Sujeet Kumar Dubey  aNew DelhibAne Booksc2017 a4821, Parwana Bhawan, 1st Floor, 24 Ansari Road, DaryaganjbNew Delhie110002k011-23276843-44mkapoor@anebooks.com avi,280p.c24cm(Hb) aIncludes bibliographical references and index